Statistiques concernant Les personnages de Kingdom Hearts Re:chain of Memories

Cliquez ici pour prendre le quiz!

Statistiques générales

  • Ce quiz a été pris 32 fois
  • Le résultat moyen est 53 sur 67

Statistiques - réponses

HintRéponse% Correct
AgrabahAladdin
100%
Dingo
100%
Château de DisneyDonald
100%
Ville d'HalloweenJack
100%
Mickey
100%
Île du DestinSora
100%
Pays des MerveillesAlice
96%
AtlanticaAriel
96%
Capitaine Crochet
96%
Coco Lapin
96%
Jasmine
96%
Kairi
96%
Pays ImaginairePeter Pan
96%
Riku
96%
Riku (réplique)
96%
Tigrou
96%
Foret des rêves bleusWinnie
96%
Génie
92%
ColyséeHercule
92%
Jafar
92%
Ville de TraverseLéon
92%
MonstroPinocchio
92%
Porcinet
92%
Wendy
92%
Aerith
88%
Axel
88%
Cid
88%
Cloud
88%
Geppetto
88%
Larxene
88%
Marluxia
88%
Reine de Cœur
88%
Sébastien
88%
Ursula
88%
Bourriquet
84%
Hades
84%
Iago
84%
Maléfique
84%
Pluto
84%
Polochon
84%
Youffie
84%
Lapin Blanc
80%
Manoir OblivionNaminé
80%
Sally
80%
Zexion
80%
Ansem
76%
Organisation XVIIIVexen
76%
Maitre Hibou
72%
Oogie Boogie
72%
Fée Clochette
68%
Lexaeus
68%
Petit Gourou
68%
Selphie
68%
Tidus
68%
Wakka
68%
Belle
64%
Philoctète
64%
Forteresse MauditeBête
60%
Chat de Cheshire
60%
DiZ
52%
Finkelstein
40%
Jiminy Cricket
40%
Mog
32%
Bambi
20%
Dumbo
20%
Mushu
20%
AutresSimba
20%

Distribution des résultats

Percentile par nombre de réponses

% des personnes avec chaque résultat

Votre développement - résultats

Vous n’avez pas pris ce quiz